| 000 | 00372pam a2200133 a 4500 | ||
|---|---|---|---|
| 020 |
_a9788177229400 _c |
||
| 041 | _h | ||
| 082 |
_a005.13 _bDES |
||
| 100 |
_aDeshpande P.S.,. _eAuthor . |
||
| 245 |
_aSQL PL/SQL for Oracle 11g. Black Book / _hTextual Documents |
||
| 260 |
_aNew Delhi : _bDreamtech Press New Delhi , _c2012. |
||
| 300 |
_a864: _bxxvi; _c23*17. |
||
| 930 | _a14710 | ||
| 999 |
_c57932 _d57932 |
||